Responses for Show #6920 - Friday, October 17, 2014

Contestants

[<< previous game]

Sarah Horvitz, an attorney from Brooklyn, New York

Alexander Persaud, a Ph.D. student in economics originally from Dubuque, Iowa

John Campbell, a romance novelist from Weymouth, Massachusetts (whose 2-day cash winnings total $35,400)

[next game >>]

Jeopardy! Round responses

NSFW
(Alex: You all know what that means--"not safe for work".)
STATE LICENSE PLATES
BEFORE, DURING OR AFTER
CLOTHING & FASHION
THE TEAM, THE TEAM, THE TEAM
THE WISDOM OF "BO"
(Alex: Each correct response begins with those two letters.)
    $200 19
Florida

John
    $200 6
Colorado

John
    $200 11
[Alex reads "BDA" in the clue as "before, during or after".]

before

John
    $200 13
a pocket square

John
    $200 1
the Dodgers

John
    $200 30
to boast

Alexander
    $400 20
(John: What is a whipped cream pie?)
(Sarah: What is a coal pie?)

a pizza pie

JohnSarah
Triple Stumper
    $400 7
Minnesota

Alexander
    $400 12
after

Sarah
    $400 15
(John: What's a cowl?)

a turtleneck

JohnSarah
    $1,000 2
MIT

John
    $400 24
Bohemian

Alexander
    $600 21
a grizzly bear

Triple Stumper
    $600 8
lobsters

Sarah
    $600 14
(Alex: Yes, 1994.)

before

Sarah
    $600 16
(Alexander: Uh, what is... don't know.)
(Sarah: What is husky?)
...
(Alex: I have [*] extra.)

relaxed

AlexanderSarah
Triple Stumper
    $600 3
the (New York) Giants

John
    $600 29
a bonanza

Triple Stumper
    $800 22
a bowling ball

Sarah
    $800 9
New Mexico

John
    $800 28
during

John
    $800 17
a newsboy cap

Sarah
    $800 4
(John: Who are the Edmonton Oilers?)

the Montreal Canadiens

JohnSarah
    $800 26
bone china

John
    $1000 23
(Alex: Yes, with a minute to go.)

an independent contractor

Sarah
    $1000 10
the Old Man of the Mountain

Alexander
    $1000 27
after

Alexander
    $1000 18
a dirndl

Triple Stumper
    $1000 5
the Chicago Fire

Alexander
    $1000 25
a bodega

John

Scores at the first commercial break (after clue 15):

John Alexander Sarah
$2,000 $2,400 $2,800

Scores at the end of the Jeopardy! Round:

John Alexander Sarah
$4,400 $3,400 $4,400

Double Jeopardy! Round responses

OCCUPATIONAL LAST NAMES
BROADWAY MUSICALS BY SONG
ANIMALS OF THE AMAZON
14 LETTERS OR MORE
(Alex: Each correct response.)
O CAPTAIN! MY LITERATURE CAPTAIN!
ARCHAEOLOGY
(Alex: And finally, because tomorrow is International [*] Day, a whole category on that subject.)
    $400 3
The King and I

Alexander
    $400 21
a sloth

Sarah
    $400 8
extraterrestrial

Sarah
    $400 25
a circle

John
    $800 1
(John) Marshall

John
    $800 5
Mary Poppins

Sarah
    $800 22
(Alex: You are correct, with less than a minute to go.)

a toucan

Alexander
    $800 9
a philanthropist

Alexander
    $800 2
The Hunt for Red October

Sarah
    $800 11
Richard III

John
    $1200 18
Josephine Baker

Triple Stumper
    $1200 6
Wicked

Sarah
    $1200 4
an anaconda

Sarah
    $1200 15
Charlottesville

Sarah
    $4,000 12
Captain Hook

John
    $1600 19
Isla Fisher

Sarah
    $1600 7
Joseph and the Amazing Technicolor Dreamcoat

Alexander
    $1600 10
(Sarah: What is extraordinary?)

uncharacteristic

Sarah
Triple Stumper
    $1600 13
Captain Nemo

John
    $1600 26
[The end-of-round signal sounds.]

Jamestown

Sarah
    $2000 20
Oliver Goldsmith

Triple Stumper
    $2000 17
(John: What is Damn Yankees?)

Kinky Boots

JohnSarah
    $2000 23
a tapir

Alexander
    $2,400 16
compartmentalize

Sarah
    $2000 14
Master and Commander

Alexander
    $2000 24
(Sarah: What is the Bronze Age?)

the Iron Age

AlexanderSarah

Scores at the end of the Double Jeopardy! Round:

John Alexander Sarah
$10,000 $13,000 $14,400

[wagering suggestions for these scores]

Final Jeopardy! Round responses

COATS OF ARMS
(Alex: You had to think about a country with a connection to America, and that country is [*].)
JohnWhat is the Bahamas?
$4,400
AlexanderWhat is Marshall islands
$7,000
SarahWhat is the Philippines?
$13,000
Liberia

Final scores:

John Alexander Sarah
$5,600 $6,000 $1,400
2nd place: $2,000 New champion: $6,000 3rd place: $1,000

Game dynamics:

Coryat scores:

John Alexander Sarah
$6,600 $13,000 $14,000
16 R
(including 2 DDs),
4 W
13 R,
1 W
19 R
(including 1 DD),
4 W

Combined Coryat: $33,600

[game clues] [game scores] [suggest correction]

Game tape date: Unknown
The J! Archive is created by fans, for fans. Scraping, republication, monetization, and malicious use prohibited; this site may use cookies and collect identifying information. See terms. The Jeopardy! game show and all elements thereof, including but not limited to copyright and trademark thereto, are the property of Jeopardy Productions, Inc. and are protected under law. This website is not affiliated with, sponsored by, or operated by Jeopardy Productions, Inc. Join the discussion at JBoard.tv.